Statistiques concernant Petit Bac #97 - Équipe de France de football 1998

Cliquez ici pour prendre le quiz!

Statistiques générales

  • Ce quiz a été pris 3 675 fois
  • Le résultat moyen est 8 sur 11

Statistiques - réponses

1ère LettreNom du Joueur% Correct
ZZidane
98%
BBarthez / Blanc / Boghossian
94%
DDesailly / Deschamps / Diomède / Djorkaeff / Dugarry
93%
TThuram / Trezeguet
85%
PPetit / Pirès
83%
HHenry
80%
LLama / Lebœuf / Lizarazu
79%
KKarembeu
59%
VVieira
54%
GGuivarc'h
49%
CCandela / Charbonnier
34%

Distribution des résultats

Percentile par nombre de réponses

% des personnes avec chaque résultat

Votre développement - résultats

Vous n’avez pas pris ce quiz